| 000 | 00644nam a2200145Ia 4500 | ||
|---|---|---|---|
| 008 | 250112s9999 xx 000 0 und d | ||
| 020 | _a978-3-319-24540-9 | ||
| 100 | _aMark Weichold, Mounir Hamdi, Muhammad Zeeshan Shakir, Mohamed Abdallah, George K. Karagiannidis, Muhammad Ismail | ||
| 245 | 0 | _aCognitive Radio Oriented Wireless Networks | |
| 250 | _a1st ed. 2015 | ||
| 260 |
_c2015 _bSpringer International Publishing |
||
| 440 | _aLecture Notes of the Institute for Computer Sciences, Social Informatics and Telecommunications Engineering | ||
| 856 | _uhttps://link.springer.com/openurl?genre=book&isbn=978-3-319-24540-9 | ||
| 942 | _cEB | ||
| 999 |
_c375793 _d375793 |
||